000
00318nam a2200109Ia 4500
008
171211s9999 xx 000 0 und d
245
_a
Ultimate Horizons: Probing the Limits of the Universe
245
_c
Helmut Satz
260
_c
2014
650
_x
ASTRONOMY
856
_u
http://down.ebook777.com/062/9783642416569.pdf
999
_c
349420
_d
349420